Econmic anallsis in prek somrong poultry station, (វិភាគសេដ្ឋកិច្ច​ នៅស្ថានីយ៍ចិញ្ចឹមមាន់ ព្រែកសំរោង) (Record no. 1544)

000 -LEADER
fixed length control field 00557nam a22001577a 4500
003 - CONTROL NUMBER IDENTIFIER
control field OSt
005 - DATE AND TIME OF LATEST TRANSACTION
control field 20150930171022.0
008 - FIXED-LENGTH DATA ELEMENTS--GENERAL INFORMATION
fixed length control field 150930b xxu||||| |||| 00| 0 eng d
040 ## - CATALOGING SOURCE
Transcribing agency RUA
082 ## - DEWEY DECIMAL CLASSIFICATION NUMBER
Classification number AVM CHU 1994 B067 Or.1
100 ## - MAIN ENTRY--PERSONAL NAME
9 (RLIN) 1636
Personal name CHUN VIRAK
245 ## - TITLE STATEMENT
Title Econmic anallsis in prek somrong poultry station, (វិភាគសេដ្ឋកិច្ច​ នៅស្ថានីយ៍ចិញ្ចឹមមាន់ ព្រែកសំរោង)
260 ## - PUBLICATION, DISTRIBUTION, ETC. (IMPRINT)
Place of publication, distribution, etc. phnom penh
Name of publisher, distributor, etc. RUA
Date of publication, distribution, etc. 1994
300 ## - PHYSICAL DESCRIPTION
Extent 62p.
Other physical details ill.
Dimensions 29cm.
942 ## - ADDED ENTRY ELEMENTS (KOHA)
Source of classification or shelving scheme
Koha item type AVM
Holdings
Price effective from Date last seen Permanent Location Not for loan Date acquired Source of classification or shelving scheme Koha item type Barcode Lost status Damaged status Withdrawn status Current Location Full call number
2015-09-302015-09-30Library Block B 2015-09-30 AVMRUA007425   Library Block BAVM CHU 1994 B067 Or.1
2015-09-302015-09-30Library Block B 2015-09-30 AVMRUA007508   Library Block BAVM CHU 1994 B067 Or.2
មជ្ឈមណ្ឌលឯការនៃសាកលវិទ្យាល័យភូមិន្ទកសិកម្មចំការដូង

Powered by Koha